000 00596nam a2200217Ia 4500
005 20250108125005.0
008 008 250107s9999 xx 000 0 eng d
037 _aTB
040 _aCRL
_beng
_cCRL
041 _aeng
_2eng
084 _aO111(Y15),1:g(S:55) P1
084 _qCRL
245 0 _aBasic yoga research 1989-2007
260 _aBihar, India
_bYoga Publications
_c2916
300 _ax,249p.
365 _aINR
_b395
490 _aYoga research foundation; Vol. 3
650 _aSPIRITUALISM
942 _cTB
_hO111(Y15),1:g(S:55) P1
999 _c1235304
_d1235304